| 000 | 00479nam a2200181Ia 4500 | ||
|---|---|---|---|
| 003 | OSt | ||
| 005 | 20260105102613.0 | ||
| 008 | 210210b1929 xxu||||| |||| 00| 0 eng d | ||
| 040 | _cAL | ||
| 041 | _aKannada | ||
| 082 | _a859/1754 | ||
| 100 |
_aVENKATACHARYA (B) _9149754 _dವೆಂಕಟಾಚಾರ್ಯ ಬಿ. |
||
| 245 |
_aRajasimha _b ರಾಜಸಿಂಹ |
||
| 260 |
_aBengaluru _b- _c1929 |
||
| 690 |
_aKannada Fiction _9149755 |
||
| 906 | _a022475 | ||
| 942 |
_2ddc _cBK |
||
| 999 |
_c146878 _d146878 |
||